Zwischen Wissenschaften und Ideologien
| Titel: | Zwischen Wissenschaften und Ideologien |
|---|---|
| Verfasser: | |
| In: |
East central Europe, Band 26, Heft 1 (1999), Seite 171-174 alle Artikel anzeigen |
| Veröffentlicht: | 1999 |
| Format: | Aufsatz |
| Sprache: | Deutsch |
X
alg: 39502208 001A $01999:12-11-16 001B $01999:04-08-21 $t21:02:22.000 001C $06050:19-11-16 $t08:42:07.000 001D $01999:12-11-16 001U $0utf8 001X $00 002@ $0Aox 003@ $0395022088 007A $0395022088 $aHEB 007T $0Herd18316 010@ $ager 011@ $a1999 021A $aZwischen Wissenschaften und Ideologien 028A $aBžoch $dAdam 031A $d26 $e1 $h171-174 $j1999 039B $aIn $8--Abvc--. East central Europe. - Leiden : Brill, 1974-. - ISSN 0094-3037 $x199900000260001829 $9047226099 039T $8--Aau--Bakoš, Vladimír [Tnd]. Kapitoly z dejín slovenského myslenia. - Bratislava : Polygrafia SAV, 1995. - 253 S.. - ISBN 80-88780-02-0 $9050841831 045F $a900.94373 $eDDC23BSB 045F/01 $a900 045F/03 $g4373 045T $a7,41 lok: 39502208 78 exp: 39502208 78 1 #EPN 201B/01 $018-11-16 $t13:30:46.000 201U/01 $0utf8 203@/01 $0791320693 208@/01 $a12-11-16 $be 209A/01 $a/ $f000 $x00 220C/01 $aTitelaufnehmer: cs 244Z/01 $2Trx $#Slowakische Republik $#Szlovák Köztársaság $#Republika Słowacka $#Slovenská Republika $#Slovensko $#Slowakei $#Słowacja $#Slovensko $8--Trx--Slovenská Republika $x01 $9391345796 244Z/01 $2Trx $#arvustused $#recenzijos $#Reviews $#recenziók $#recenzje $#recenzie $#recenze $8--Trx--Rezensionen $x02 $9391357441 247C/01 $82080>Marburg/Lahn, Herder-Institut, Forschungsbibliothek, Bibliographieportal $9336309341
| LEADER | 00000caa a22000002c 4500 | ||
|---|---|---|---|
| 001 | 395022088 | ||
| 003 | DE-603 | ||
| 005 | 20210804210222.0 | ||
| 007 | tu | ||
| 008 | 161112s1999 xx |||| | u00||u|ger c | ||
| 035 | |a (DE-599)HEB395022088 | ||
| 040 | |a DE-603 |b ger |c DE-603 |d DE-603 | ||
| 041 | |a ger | ||
| 082 | 0 | 4 | |8 1\u |a 900.94373 |q DE-101 |2 23/BSB |
| 084 | |a 7,41 |2 ssgn | ||
| 085 | |8 1\u |b 900 | ||
| 085 | |8 1\u |z 2 |s 4373 | ||
| 100 | 1 | |a Bžoch, Adam | |
| 245 | 0 | 0 | |a Zwischen Wissenschaften und Ideologien |
| 264 | 0 | |c 1999 | |
| 773 | 0 | 8 | |i In |t East central Europe |d Leiden : Brill, 1974- |h 24 cm |x 0094-3037 |g Band 26, Heft 1 (1999), Seite 171-174 |w (DE-603)047226099 |w (DE-600)190826-1 |
| 787 | 0 | 8 | |i Rezension von |a Bakoš, Vladimír |t Kapitoly z dejín slovenského myslenia |d Bratislava : Polygrafia SAV, 1995 |h 253 S. |z 8088780020 |w (DE-603)050841831 |
| 924 | 0 | |9 2080 |a (DE-603)791320693 |b DE-2080 |c HES |d d |g / | |


